Super Mario Bros. - Enemy Names by Description - Statistics

General Stats
  • This quiz has been taken 32 times
  • The average score is 9 of 16
Answer Stats
Description Name % Correct
A mushroom who betrayed the mushroom kingdom. One stomp and he dies. Little Goomba
100%
The mysterious turtle who controls the clouds. He chases after Mario and drops Spiny's eggs on top of him. Lakitu
67%
Lakitu's pet, but a wild fighter. You can't kill him by jumping on top of him. Spiny
67%
The sorcerer king holding Princess Toadstool captive in the last castle. He comes at you spitting fire. There are several ways to kill him, but you only get points if you use fireballs. Bowser, King of the Koopa
63%
Usually found in the water, but also sprouts wings and flies so you have to be careful in the air too. Can't be killed from above while she's in the water. Cheep-cheep
63%
These wily twin-brother turtles come at you throwing hammers. Hammer Brothers
63%
Soldier of the Turtle Empire, his orders are to find and destroy Mario. Jump on him and he stops moving for a while. Koopa Troopa (green)
54%
This turtle is chicken! Very timid, he gets scared easily and runs back and forth a lot. Jump on him and he stops moving for a while. Koopa Troopa (red)
54%
A bit out of control, he wings around aimlessly and comes at you all of a sudden. Stomp on him and he loses his wings. Koopa Paratroopa (green)
50%
This turtle is under control, but likes to take it easy. Stomp on him and he loses his wings. Koopa Paratroopa (red)
50%
Man-eating plants that live in the flower-pots. they show their faces quickly and without warning, so watch out! You can't kill them by jumping on top of them. Pirana plants
50%
Protector of the great sorcerer Koopa king, he comes flying out of the lake of fire inside the Koopa king's castle. Podoboo
42%
Eggs of the turtle Spiny, pet of Lakitu. You can't destroy them by jumping on them. Spiny's eggs
42%
Quite the toughy, fireballs don't even faze him. Buzzy Beetle
33%
Chases stubbornly after Mario; a guy to look out for. You can't kill him by jumping on top of him. Bloober
29%
Chases after Mario slowly but steadily. You can kill him by jumping onto him from above. Bullet Bill
25%
No matching quizzes found
Score Distribution
Percent of People with Each Score
Percentile by Number Answered
Your Score History
You have not taken this quiz